The binding
Fantastický román britské autorky. Emmett je vazačem knih. Umí svázat odvyprávěná lidská tajemství či vzpomínky, na které pak jejich majitel zapomene, aby ho dále netrápily. Jednoho dne však narazí na knihu se svým jménem.
Saved in:
| Main Author | |
|---|---|
| Format | Book |
| Language | English |
| Published |
London :
The Borough Press,
2019
|
| Subjects | |
| ISBN | 978-0-00-827214-2 |
| Physical Description | 438 stran ; 20 cm |
Cover
| LEADER | 00000nam a2200000 i 4500 | ||
|---|---|---|---|
| 001 | 103866 | ||
| 003 | CZ-ZlUTB | ||
| 005 | 20211005100617.0 | ||
| 007 | ta | ||
| 008 | 200327s2019 xxk g 000 f eng | ||
| 952 | |0 0 |1 0 |4 0 |6 821111COLLINSB |7 0 |8 BOOK |9 164609 |a UTBZL |b UTBZL |c 019 |d 2021-09-07 |l 1 |m 2 |o 821.111/COLLINS,B. |p 420010188107 |q 2028-12-31 |r 2021-10-05 00:00:00 |s 2021-10-05 |v 210.00 |w 2021-09-07 |x N:nákup; |y 08 | ||
| 952 | |0 0 |1 0 |4 0 |5 0 |6 821111COLLINSB |7 0 |8 BOOK |9 189352 |a UTBZL |b UTBZL |c 006 |d 2026-01-08 |l 0 |o 821.111/COLLINS,B. |p 420010201304 |r 2026-01-08 15:04:44 |v 104.00 |w 2026-01-08 |x N:nákup |y 04 | ||
| 999 | |c 103866 |d 103866 | ||
| 020 | |a 978-0-00-827214-2 |q (brožováno) | ||
| 040 | |a ABG001 |b cze |e rda | ||
| 072 | 7 | |a 821.111-3 |x Anglická próza, anglicky psaná |2 Konspekt |9 25 | |
| 080 | |a 821.111-31 |2 MRF | ||
| 080 | |a (0:82-312.9) |2 MRF | ||
| 100 | 1 | |a Collins, Bridget |4 aut | |
| 245 | 1 | 4 | |a The binding / |c Bridget Collins |
| 264 | 1 | |a London : |b The Borough Press, |c 2019 | |
| 300 | |a 438 stran ; |c 20 cm | ||
| 336 | |a text |b txt |2 rdacontent | ||
| 337 | |a bez média |b n |2 rdamedia | ||
| 338 | |a svazek |b nc |2 rdacarrier | ||
| 520 | |a Fantastický román britské autorky. Emmett je vazačem knih. Umí svázat odvyprávěná lidská tajemství či vzpomínky, na které pak jejich majitel zapomene, aby ho dále netrápily. Jednoho dne však narazí na knihu se svým jménem. | ||
| 655 | 7 | |a anglické romány |7 fd131814 |2 czenas | |
| 655 | 7 | |a fantasy romány |7 fd184199 |2 czenas | |
| 655 | 9 | |a English fiction |2 eczenas | |
| 655 | 9 | |a fantasy novels |2 eczenas | |
| 910 | |a ZLD002 | ||
| 942 | |2 udc | ||
| 992 | |a BK |b SK | ||